| 000 | 00976cam a22003013a 4500 | ||
|---|---|---|---|
| 001 | 26390 | ||
| 003 | PGUSA | ||
| 005 | 20140828083552.0 | ||
| 008 | 080822s2008||||xxu|||||s|||||000 | eng d | ||
| 040 |
_aPGUSA _beng |
||
| 042 | _adc | ||
| 050 | 4 | _aDC | |
| 050 | 4 | _aDS | |
| 100 | 1 |
_aGrote, George, _d1794-1871 |
|
| 245 | 1 | 4 |
_aThe Two Great Retreats of History _h[electronic resource] / _cGeorge Grote |
| 260 |
_bProject Gutenberg, _c2008 |
||
| 505 | 0 | _aThe retreat of the ten thousand -- Napoleon's retreat from Moscow. | |
| 506 | _aPublic domain in the USA. | ||
| 516 | _aElectronic text | ||
| 653 | _aNapoleon I, Emperor of the French, 1769-1821 | ||
| 653 | _aXenophon, 426 B.C.-355 B.C. | ||
| 653 | _aNapoleonic Wars, 1800-1815 -- Campaigns -- Russia | ||
| 653 | _aIran -- History -- To 640 | ||
| 700 | 1 |
_aMontgomery, D. H. _q(David Henry), _d1837-1928 |
|
| 830 | 0 |
_aProject Gutenberg _v26390 |
|
| 856 | 4 | 0 | _uhttp://www.gutenberg.org/ebooks/26390 |
| 942 | _cEB | ||
| 999 |
_c255645 _d255645 |
||